000 00722nam a2200205Ii 4500
003 JO-AjNU
008 230605s9999||||xx |||||||||||||| ||und||
040 _aJO-AjNU
_bara
_erda
_cJO-AjNU
041 _aara
050 1 4 _aKJV4080.H37412.1977
100 3 _a هوريو، أندرية ,
_eauthor
_941087
245 0 0 _aالقانون الدستوري والمؤسسات السياسية، الجزء الثاني
250 _a(د،ط)
264 3 1 _aبيروت : الاهلية ، 1977
300 _aج2، 500ص
336 _atext
_btxt
_2rdacontent
337 _aunmediated
_bn
_2rdamedia
338 _avolume
_bnc
_2rdacarrier
650 4 _aالقانون الدستوري -- المؤسسات السياسية
_941088
999 _aA17489
_c21057
_d21057